| 000 | 00757nam a22001217a 4500 | ||
|---|---|---|---|
| 040 | _cRUA | ||
| 082 | _a AGR VOR 2017 B633 Or.1 | ||
| 245 | _aeffect of water management and introgen rates on growth and yield of sen pidor rice variety in proteas lang soil condition ប្រសិត្ថផាបនសការក្រប់ក្រងទឹក និងកម្រតជីអាសូតនៅលើការលូតលាស់ និងទិន្នផលស្រូវសែពិដោរក្នុងលក្ខណ្ឌដីប្រឡោះឡាង | ||
| 260 |
_aRUA _bphnom penh _c2017 |
||
| 300 |
_axi;44p _bill; _c29cm; |
||
| 856 | _uhttps://drive.google.com/file/d/1m-0Vtb3eZwKYeYladW99f3JwR6Iuc21w/view?usp=sharing | ||
| 942 | _cAGR | ||
| 999 |
_c17954 _d17954 |
||